000 00664nam a2200181Ia 4500
008 151202s9999||||xx |||||||||||||| ||und||
082 _bPNVM-83239
100 _aसुमेधा कुलकर्णी.
245 _aसंतांच्या श्रेष्ठ कथा.
260 _bपरी प्रकाशन.
260 _c2013
300 _a160
600 _aसुमेधा कुलकर्णी.
630 _aसंतांच्या श्रेष्ठ कथा.
700 _aसुमेधा कुलकर्णी.
730 _aसंतांच्या श्रेष्ठ कथा.
942 _cBOOK
999 _c1348069
_d1348066